000 00513nam a2200193 a 4500
001 18083
003 CO-ViMGA
008 141112s2004 ck r 000 u spa d
020 _a8476391498
040 _aCO-ViMGA
_bspa
_cCO-ViMGA
082 0 4 _a833.8 R454r
100 1 _aRilke, Rainer Maria
245 1 0 _aRelatos de Praga
260 _aBarcelona (España),
_cMontesinos,
_c1999
300 _a125.p.
590 _aForma de adquisición : Premio - Mincultura
650 1 4 _aNOVELA ALEMANA
_92669
942 _2ddc
_cBK
999 _c27459
_d27459